The UBS guide to the emerging markets

Wedi'i Gadw mewn:
Manylion Llyfryddiaeth
Fformat: Llyfr
Iaith:Undetermined
Cyhoeddwyd: [New York] UBS 1997
Pynciau:
Tagiau: Ychwanegu Tag
Dim Tagiau, Byddwch y cyntaf i dagio'r cofnod hwn!
Thư viện lưu trữ: Trung tâm Học liệu Trường Đại học Cần Thơ
LEADER 00505nam a2200169Ia 4500
001 CTU_89157
008 210402s9999 xx 000 0 und d
082 |a 332.64 
082 |b G946 
245 4 |a The UBS guide to the emerging markets 
260 |a [New York] 
260 |b UBS 
260 |c 1997 
650 |a Investments,Finance,International economic integration 
650 |x Developing countries,Developing countries 
904 |i Tuyến 
980 |a Trung tâm Học liệu Trường Đại học Cần Thơ